000 00318nam a22001337a 4500
008 170210b xxu||||| |||| 00| 0 eng d
020 _a9780781715959
041 _aeng
080 _229TH
_a61
100 _a4
101 _aSHM
245 _aTHE WASHINGTON MANUAL OF MEDICAL THERAPEUTICS
_cCAREY, CH.F
942 _2udc
_cBK
999 _c5153
_d5153